Loga od A do Z - Statystyki

Ogólne statystyki
  • Ten quiz został rozwiązany 58 razy
    51 od ostatniego zresetowania
  • Średni wynik to 20 z 26
Statystyki odpowiedzi
Obrazkowy Odpowiedź % Poprawnych
Adidas
100%
IKEA
98%
Orange
98%
Ferrari
95%
Jaguar
95%
Tesla
95%
Zara
95%
Kaufland
93%
Nissan
93%
Škoda
93%
Empik
91%
Hochland
86%
Michelin
86%
Gerber
84%
La Coste
81%
Volkswagen
81%
WhatsApp
77%
Danone
74%
Reebok
74%
Champion
70%
Yahoo
70%
Philips
63%
X-Com
49%
Ubisoft
47%
Bugatti
42%
Quiksilver
2%
Nie znaleziono quizów pasujących do podanych kryteriów
Rozkład punktacji
Procent ludzi z każdym wynikiem
Percentyl według liczby udzielonych odpowiedzi
Twoja historia wyników
Nie rozwiązałeś tego quizu od ostatniego zresetowania